5HLuxD.jpg

KING HENRY VIII SENIOR AND PRIMARY SCHOOL LIBRARY OPAC

Cambridge Global English : (Record no. 3646)

000 -LEADER
fixed length control field 00658nam a22002177a 4500
003 - CONTROL NUMBER IDENTIFIER
control field OSt
005 - DATE AND TIME OF LATEST TRANSACTION
control field 20240405090459.0
008 - FIXED-LENGTH DATA ELEMENTS--GENERAL INFORMATION
fixed length control field 240405b ||||| |||| 00| 0 eng d
020 ## - INTERNATIONAL STANDARD BOOK NUMBER
International Standard Book Number 9781108810906
040 ## - CATALOGING SOURCE
Transcribing agency KH8
082 ## - DEWEY DECIMAL CLASSIFICATION NUMBER
Classification number 428.24 BOY
100 ## - MAIN ENTRY--PERSONAL NAME
Personal name Boylan, Jane,
Relator term author.
245 ## - TITLE STATEMENT
Title Cambridge Global English :
Remainder of title Workbook 6 /
Statement of responsibility, etc. Jane Boylan & Claire Medwell.
260 ## - PUBLICATION, DISTRIBUTION, ETC.
Place of publication, distribution, etc. United Kingdom;
Name of publisher, distributor, etc. Cambridge University Press,
Date of publication, distribution, etc. 2022.
300 ## - PHYSICAL DESCRIPTION
Extent 116 pages:
Other physical details illustrations.
500 ## - GENERAL NOTE
General note Includes digital access.
650 ## - SUBJECT ADDED ENTRY--TOPICAL TERM
Topical term or geographic name entry element English language
Form subdivision Workbook
700 ## - ADDED ENTRY--PERSONAL NAME
Personal name Medwell, Claire,
Dates associated with a name author.
700 ## - ADDED ENTRY--PERSONAL NAME
Personal name Harper, Kathryn,
Relator term editor.
942 ## - ADDED ENTRY ELEMENTS (KOHA)
Source of classification or shelving scheme
Koha item type Teaching Resources
Holdings
Withdrawn status Lost status Source of classification or shelving scheme Damaged status Not for loan Collection code Permanent Location Current Location Shelving location Date acquired Total Checkouts Full call number Barcode Date last seen Date last checked out Price effective from Koha item type
          Teaching Resources KH8 Senior School Library KH8 Senior School Library Staff Office 2024-04-05 1 428.24 BOY TRKHSL005455 2025-07-02 2024-11-14 2024-04-05 Teaching Resources

Powered By KH8 IT Dept